Match That Villain Quiz - Statistics

General Stats
  • This quiz has been taken 472 times
    468 since last reset
  • The average score is 15 of 20
Answer Stats
Hint Answer % Correct
Star Wars Darth Vader
98%
Harry Potter Voldemort
97%
The Lion King Scar
96%
Batman Joker
94%
Avengers Thanos
91%
Mario Bowser
90%
Superman Lex Luthor
87%
Child's Play Chucky
85%
Silence of the Lambs Hannibal Lecter
85%
Lord of the Rings Sauron
81%
Terminator 2: Judgement Day T-1000
77%
He-Man Skeletor
73%
Die Hard Hans Gruber
69%
One Flew Over the Cuckoo's Nest Nurse Ratched
61%
Misery Annie Wilkes
58%
Django Unchained Calvin Candie
55%
The Usual Suspects Keyser Soze
54%
The Omen Damien
52%
Dexter The Trinity Killer
45%
The Wire Stringer Bell
34%
No matching quizzes found
Score Distribution
Percent of People with Each Score
Percentile by Number Answered
Your Score History
You have not taken this quiz since the last reset